| Tag |
First Indicator |
Second Indicator |
Subfields |
| LEADER |
00000cam a2200000 4500 |
| 001 |
in00000037242 |
| 005 |
20151007072256.0 |
| 008 |
800605s1956 txua 00000 eng d |
| 035 |
|
|
|a (OCoLC)06391528
|
| 035 |
|
|
|9 AAE7573AM
|
| 040 |
|
|
|a TXA
|c TXA
|d UtOrBLW
|
| 049 |
|
|
|a [Archives]TXAM
|c [263783]
|
| 092 |
|
|
|a 589.95
|b D263
|
| 099 |
|
|
|a 1956
|a Thesis
|a D263
|
| 100 |
1 |
|
|a Davis, Richard H.,
|d 1951-
|
| 245 |
1 |
0 |
|a Attempts to propagate infectious bronchitis virus in tissue cultures of embryonic chicken hearts and in HeLa cells.
|
| 264 |
|
1 |
|a [College Station, Tex.],
|b [publisher not identified] ;
|c 1956.
|
| 300 |
|
|
|a 37 :
|b illustrations
|
| 336 |
|
|
|a text
|b txt
|2 rdacontent
|
| 337 |
|
|
|a unmediated
|b n
|2 rdamedia
|
| 338 |
|
|
|a volume
|b nc
|2 rdacarrier
|
| 500 |
|
|
|a Typewritten.
|
| 502 |
|
|
|b M.S. in Veterinary Bacteriology and Hygiene
|c A. & M. College of Texas.
|
| 650 |
|
0 |
|a Infectious bronchitis.
|
| 650 |
|
0 |
|a Bacteriology
|x Cultures and culture media.
|
| 650 |
|
4 |
|a Major veterinary microbiology.
|
| 999 |
|
|
|a MARS
|
| 999 |
f |
f |
|s 6c66da85-6016-3103-9925-1c6a1f3dbf3d
|i b46da389-6efc-36c3-85d0-1b844152041d
|t 0
|
| 952 |
f |
f |
|p noncirc
|a Texas A&M University
|b J.J. Pickle Campus
|c High Density Repository
|d Remote Storage
|t 0
|e 1956 Thesis D263
|h Other scheme
|i unmediated -- volume
|m A14840872119
|
| 998 |
f |
f |
|a 1956 Thesis D263
|t 0
|l Remote Storage
|